000 00203nam a22000857a 4500
100 _aAwasthi,Dr. Prem Kumar
_980194
245 _aAncient Civilizations A Brief Study
650 _aHistory
_980195
942 _cBK
999 _c63637
_d63637